• 首页
  • 本馆介绍
  • 公告通知
  • 最新文献
  • 馆藏检索
  • 电子资源
  • 读者导购
  • 参考咨询
  • 我的图书馆
  • 登录
  • 详细信息显示
  • 放入我的书架
  • 预约/预借图书
  • 作者相关作品
  • 分类相关作品
  • 丛书相关作品
  • 出版社相关作品

书目信息

  • 表格格式
  • 工作单格式
  • 卡片格式
题名:
观赏鱼养殖
    
 
作者: 纪丹丹 主编
分册:  
出版信息: 北京   中国社会出版社  2004.10
页数: 15,350页
开本: 21cm
丛书名: 新编现代生活系列丛书
单 册:
中图分类: S965.8
科图分类:
主题词: 观赏鱼类--鱼类养殖--基本知识 , 鱼类养殖 , 水产养殖--技术
电子资源:
ISBN: 7-5087-0191-7
000 01004nam0 2200277 45
001 ZWTS00000040
005 20060829092413.43
010    @a7-5087-0191-7@dCNY29.80(全十册298.00)
100    @a20060217d2004 em y0chiy0120 ea
101 0  @achi
102    @aCN@b110000
105    @af z 000yy
200 1  @a观赏鱼养殖@AGuan Shang Yu Yang Zhi@f纪丹丹主编@FJi Dan Dan Zhu Bian
210    @a北京@c中国社会出版社@d2004.10
215    @a15,350页@c冠图@d21cm
225 2  @a新编现代生活系列丛书
330    @a本书共分两部分。第一部分介绍了观赏鱼的起源、进化与发展及各种观赏鱼的品种特征;水族箱的构造、功能及造景;观赏鱼的养殖、饲水和各类观赏鱼的饲养技巧及日常管理等内容。第二部分着重介绍了观赏鱼的鉴赏与品种。
410  0 @12001 @a新编现代生活系列丛书
606 0  @a观赏鱼类@x鱼类养殖@x基本知识
606 0  @a鱼类养殖
606 0  @a水产养殖@x技术
690    @aS965.8@v4
701  0 @a纪丹丹@AJi Dan Dan@4主编
801  0 @aCN@bBZT@c20060829
905    @aBZT@dS965.8@e109
906    @dCNY29.80(全十册2@n0@r1
    
    观赏鱼养殖/纪丹丹主编.-北京:中国社会出版社,2004.10
    15,350页:冠图;21cm.-(新编现代生活系列丛书)
    
    
    ISBN 7-5087-0191-7:CNY29.80(全十册298.00)
    本书共分两部分。第一部分介绍了观赏鱼的起源、进化与发展及各种观赏鱼的品种特征;水族箱的构造、功能及造景;观赏鱼的养殖、饲水和各类观赏鱼的饲养技巧及日常管理等内容。第二部分着重介绍了观赏鱼的鉴赏与品种。
●
相关链接 在五车中查询图书 在当当中查询图书 在豆瓣中查询图书


正题名:观赏鱼养殖     索取号:S965.8/109         预约/预借

序号 登录号 条形码 馆藏地/架位号 状态 备注
1 451479   230065023   中心书库中库/ 中库031架A面7列1层11/ [索取号:S965.8/109] 在馆    
2 451480   230065024   中心书库中库/ 中库031架A面7列7层75/ [索取号:S965.8/109] 在馆    
3 451481   230065025   中心书库中库/ 中库031架A面7列1层12/ [索取号:S965.8/109] 在馆    
4 451482   230065021   中心书库中库/ 中库031架A面7列1层13/ [索取号:S965.8/109] 在馆    
5 451483   230065022   中心书库中库/ 中库031架A面7列1层14/ [索取号:S965.8/109] 在馆    
山东省滨州职业学院图书馆 欢迎您!
大连网信软件有限公司© 版权所有